000
00332nam a22001457a 4500
008
221202b ||||| |||| 00| 0 eng d
020
_a
9780697391346
041
_a
eng
080
_a
616.053
082
_a
616.053 JUN
100
_a
14.2
101
_a
PEDIA
245
_a
CHILD GROWTH AND DEVELOPMENT
_c
JUNN N E
942
_2
udc
_c
BK
999
_c
59074
_d
59074